Social studies: united state history early years (Record no. 4291)
[ view plain ]
| 000 -LEADER | |
|---|---|
| fixed length control field | 00438nam a22001457a 4500 |
| 008 - FIXED-LENGTH DATA ELEMENTS--GENERAL INFORMATION | |
| fixed length control field | 250714b |||||||| |||| 00| 0 eng d |
| 020 ## - INTERNATIONAL STANDARD BOOK NUMBER | |
| ISBN | 0618497889 |
| 100 ## - MAIN ENTRY--AUTHOR | |
| Author | Mifflin Hougton |
| 245 ## - TITLE STATEMENT | |
| Title | Social studies: united state history early years |
| 260 ## - PUBLICATION, DISTRIBUTION, ETC. (IMPRINT) | |
| Place of publication | Boston |
| Name of publisher | Hougton Mifflin company |
| Date of publication | 2006 |
| 300 ## - COLLATION | |
| Pagination | Xiv,549p. |
| Other physical details | ill. |
| 650 ## - TRACINGS | |
| Main Subject | U.S- history-Colonial period |
| Subdivision (1st) | U.S- history-Revolution |
| 942 ## - ADDED ENTRY ELEMENTS (KOHA) | |
| Item type | Books |
| 050 ## - LIBRARY OF CONGRESS CALL NUMBER | |
| Classification number | E188 |
| Item number | .M54 |
| Source of classification or shelving scheme | Not for loan | Permanent location | Current location | Date acquired | Accession No. | Full call number | Barcode. | Koha item type |
|---|---|---|---|---|---|---|---|---|
| Library of Congress Classification | Samuel Ogbemudia Main Library, University of Abuja | Samuel Ogbemudia Main Library, University of Abuja | 07/14/2025 | 2016/480452 | E188.M54 | 2025-3047 | Books |